Apex Legends Super Quiz - Statistics

General Stats
  • This quiz has been taken 278 times
  • The average score is 59 of 162
Answer Stats
Hint Answer % Correct
Ammo Type Heavy
95%
Ammo Type Light
95%
Ammo Type Sniper
92%
Ammo Type Energy
91%
Ammo Type Shotgun Shells
90%
Assault Rifle R-301 Carbine
83%
Sniper Rifle Longbow DMR
82%
Pistol P2020
81%
Shotgun Mastiff Shotgun
80%
Shotgun Mozambique Shotgun
80%
Shotgun Peacekeeper
80%
Sub Machine Gun R-99 SMG
80%
Sniper Rifle Sentinel
80%
Marksman Weapon G7 Scout
79%
Pistol RE-45 Auto
78%
Pistol Wingman
78%
Marksman Weapon 30-30 Repeater
77%
Shotgun EVA-8 Auto
77%
Sniper Rifle Kraber .50-Cal Sniper
77%
Light Machine Gun M600 Spitfire
77%
Assault Rifle VK-47 Flatline
77%
Sub Machine Gun C.A.R. SMG
74%
Sub Machine Gun Volt SMG
73%
Sniper Rifle Charge Rifle
72%
Marksman Weapon Triple Take
72%
Light Machine Gun Rampage LMG
71%
Legend Wraith
71%
Light Machine Gun Devotion LMG
70%
Assault Rifle HAVOC Rifle
70%
Legend Octane
70%
Legend Lifeline
69%
Legend Bangalore
68%
Legend Bloodhound
68%
Legend Caustic
68%
Legend Gibraltar
68%
Legend Wattson
68%
Marksman Weapon Bocek Compound Bow
67%
Assault Rifle Hemlok Burst AR
67%
Light Machine Gun L-STAR EMG
67%
Legend Mirage
67%
Legend Pathfinder
67%
Sub Machine Gun Prowler Burst PDW
67%
Sub Machine Gun Alternator SMG
66%
Legend Horizon
65%
Legend Loba
65%
Legend Revenant
65%
Grenade Arc Star
64%
Legend Crypto
63%
Map King's Canyon
63%
Legend Rampart
63%
Map Olympus
62%
Legend Seer
62%
Map World's Edge
62%
Legend Ash
61%
Legend Valkyrie
61%
Map Storm Point
58%
Healing Item Med Kit
55%
Healing Item Shield Battery
52%
Healing Item Shield Cell
52%
Ammo Type Arrows
51%
Healing Item Phoenix Kit
49%
Healing Item Syringe
48%
Grenade Frag Grenade
47%
Grenade Thermite Grenade
46%
Attachment Barrel Stabilizer
45%
Survival Heat Shield
40%
Gear Backpack
38%
Attachment Extended Magazine
38%
Gear Helmet
38%
Attachment Sniper Stock
36%
Attachment Standard Stock
36%
Legend Fuze
34%
Gear Knockdown Shield
34%
Hop-Up Turbocharger
33%
Optic 1x Holo
32%
Survival Mobile Respawn Beacon
30%
Attachment Shotgun Bolt
28%
Gear EVO Shield
27%
Tactical Ability Stim
26%
Arenas Map Dome
22%
Ultimate Ability Care Package
21%
Tactical Ability Gravity Lift
20%
Tactical Ability Knuckle Cluster
20%
Hop-Up Boosted Loader
19%
Tactical Ability Silence
19%
Tactical Ability Arc Snare
18%
Ultimate Ability Black Hole
17%
Hop-Up (Care Package) Disruptor Rounds
17%
Optic 2x HCOG Bruiser
16%
Passive Ability Double Time
16%
Passive Ability Gun Shield
16%
Ultimate Ability Rolling Thunder
16%
Ultimate Ability Beast of the Hunt
15%
Ultimate Ability Death Totem
15%
Tactical Ability Into the Void
15%
Passive Ability Voices from the Void
15%
Optic 1x Digital Threat
14%
Optic 1x HCOG Classic
14%
Sniper Optic 6x Sniper
14%
Tactical Ability Grappling Hook
14%
Optic 3x HCOG Ranger
13%
Tactical Ability Eye of the Allfather
13%
Tactical Ability Nox Gas Trap
13%
Hop-Up Shatter Caps
13%
Passive Ability Tracker
13%
Ultimate Ability Launch Pad
12%
Passive Ability Neurolink
12%
Tactical Ability Smoke Launcher
12%
Ultimate Ability Black Market Boutique
11%
Tactical Ability Missile Swarm
11%
Arenas Map Phase Runner
11%
Ultimate Ability Skyward Dive
11%
Gear Ultimate Accelerant
11%
Tactical Ability Amped Cover
10%
Tactical Ability Dome of Protection
10%
Ultimate Ability Drone EMP
10%
Arenas Map Encore
10%
Ultimate Ability Interception Pylon
10%
Ultimate Ability Life of the Party
10%
Passive Ability Now You See Me...
10%
Ultimate Ability Nox Gas Grenade
10%
Passive Ability Nox Vision
10%
Passive Ability Spacewalk
10%
Passive Ability Spark of Genius
10%
Ultimate Ability The Motherlode
10%
Passive Ability VTOL Jets
10%
Ultimate Ability Zipline Gun
10%
Hop-Up Deadeye's Tempo
9%
Ultimate Ability Defensive Bombardment
9%
Hop-Up Dual Shell
9%
Passive Ability Eye for Quality
9%
Passive Ability Grenadier
9%
Passive Ability Modded Loader
9%
Arenas Map Overflow
9%
Tactical Ability Psyche Out
9%
Passive Ability Stalker
9%
Tactical Ability Surveillance Drone
9%
Passive Ability Swift Mend
9%
Optic 1x-2x Variable Holo
8%
Sniper Optic 4x-10x Digital Sniper Threat
8%
Tactical Ability Burglar's Best Friend
8%
Ultimate Ability Dimensional Rift
8%
Tactical Ability D.O.C Heal Drone
8%
Ultimate Ability Exhibit
8%
Tactical Ability Focus of Attention
8%
Passive Ability Heart Seeker
8%
Passive Ability Insider Knowledge
8%
Arenas Map Party Crasher
8%
Ultimate Ability Phase Breach
8%
Sniper Optic 4x-8x Variable Sniper
7%
Hop-Up (Care Package) Double-Tap Trigger
7%
Arenas Map Skull Town
7%
Passive Ability Marked for Death
6%
Ultimate Ability Mobile Minigun "Sheila"
6%
Tactical Ability Perimeter Security
6%
Optic 2x-4x Variable AOG
5%
Passive Ability Combat Revive
5%
Arenas Map Gardens
5%
Arenas Map Artillery
4%
Arenas Map Oasis
3%
Arenas Map Thermal Station
2%
Arenas Map Hillside Outpost
1%
No matching quizzes found
Score Distribution
Percent of People with Each Score
Percentile by Number Answered
Your Score History
You have not taken this quiz